000 00840nam a2200265 i 4500
001 181672
003 ES-MaACL
005 20250822063232.0
008 130306s1976 sp | |||||||| | cat d
020 _a84-233-0945-2
080 _a849.9-992"19"
080 _a914.675
080 _a914.671
100 1 _aPla, Josep,
_d1897-1981
_9164614
245 1 0 _aTres guies /
_cJosep Pla.
260 _aBarcelona :
_bDestino,
_c1976.
300 _a1227 p. ;
_c18 cm.
490 1 _aObra completa de Josep Pla ;
_v30
505 8 _aContiene: La Costa Brava ; Mallorca Menorca i Eivissa ; Catalunya
651 4 _aBaleares (Comunidad Autónoma)-
_xDescripción.
_97857
651 4 _aCataluña-
_xDescripción.
_98009
830 0 _aObra completa de Josep Pla ;
_v30
_9191524
852 _aES-MaACL
_jJ-46(30)
999 _c181672
_d181672